Kameň časopis zamestnancov Slovenských bazaltových kameňolomov n. p. Lučenec

Bibliographic Details
Previous Title:Kameň a budovanie socializmu
Corporate Author: Pohronské tlačiarne, n.p. (Banská Bystrica, Slovensko) prevádzka Lučenec (Printer)
Format: Newspaper
Language:Slovak
Hungarian
PhysicalDescription:6 zv. 43 cm
Published: Lučenec ZO KSS, ROH, ČSM a riaditeľstvo Slovenských bazaltových kameňolomov v Lučenci 1953-1958
Subjects:

MARC

LEADER 00000nas a22000001a 4500
001 vtls010301414
003 SK-MaSNL
005 20260228163222.0
008 110810d19531958xo mr n r 0 b0slo
038 |a SNKBUDS 
040 |a SNK  |b slo  |c SNK  |e AACR2 
041 0 |a slo  |a hun 
044 |a xo  |c SK 
072 7 |a 679  |x Výroba káblov, povrazov a lán. Priemysel kameňa  |2 konspekt 
072 7 |a 622  |x Baníctvo  |2 konspekt 
080 |a 679.8  |2 2011 
080 |a 622.35  |2 2011 
080 |a 070.489  |2 2001 
245 0 0 |a Kameň  |b časopis zamestnancov Slovenských bazaltových kameňolomov n. p. Lučenec 
260 |a Lučenec  |b ZO KSS, ROH, ČSM a riaditeľstvo Slovenských bazaltových kameňolomov v Lučenci  |c 1953-1958 
300 |a 6 zv.  |c 43 cm 
310 |a 2x mesačne  |b 1954-1958 
321 |a 1x mesačne  |b 1953 
362 0 |a Roč. II, č. 1 (25. febr. 1953)-roč. VII, č. 6 (1958) 
500 |a V tiráži: Kameň a budovanie socializmu - závodný časopis zamestnancov Slov. bazaltových kameňolov, n. p. v Lučenci 
500 |a Redaktori sa menia 
546 |a Príspevky aj v maďarskom jazyku 
610 2 7 |a Slovenské bazaltové kameňolomy, n.p. (Lučenec, Slovensko)  |x časopisy  |2 SNKBUDS  |9 273379 
650 0 7 |a kamenársky priemysel  |2 SNKPH  |9 158249 
650 0 7 |a kameňolomy  |2 SNKPH  |9 20608 
655 7 |a podnikové časopisy  |2 SNKPH  |9 265225 
710 2 |a Slovenské bazaltové kameňolomy, n.p. (Lučenec, Slovensko)  |4 pbl  |9 273380 
710 2 |a Pohronské tlačiarne, n.p. (Banská Bystrica, Slovensko)  |b prevádzka Lučenec  |4 prt  |9 270001 
780 0 0 |t Kameň a budovanie socializmu  |w vtls010301415 
910 |a snk 
916 |a 1953-1958 
999 |c 9040  |d 10970 
952 |0 0  |1 0  |4 0  |7 0  |8 1  |a SNK  |b SNK  |d 2013-12-11  |i snkD 193/83  |l 0  |o snkČSA 339/2/1953 D1  |p 17A1023142  |r 2026-02-21 19:33:16  |t č. 1-13, neúplné  |w 2026-02-21  |y PREZ  |z Chýba č. 3 
952 |0 0  |1 0  |4 0  |7 0  |a SNK  |b SNK  |d 2013-12-12  |i snkČSP 194/57  |l 0  |o snkČSA 339/5/1956 D1  |p 17A1021891  |r 2026-02-21 19:43:32  |t č. 1-19  |w 2026-02-21  |y PREZ 
952 |0 0  |1 0  |4 0  |7 1  |a SNK  |b SNK  |d 2023-01-20  |f 1  |i snkII. 373/54  |l 0  |o snkČSA 339/2/1953  |p 17A0764519  |r 2026-02-21 20:11:30  |t č. 1-13  |w 2026-02-21  |y NEVYP  |z 2x uvedené č. 6/1953, č. 6/1953 z 23. júla=č. 7/1953 
952 |0 0  |1 0  |4 0  |7 1  |a SNK  |b SNK  |d 2023-01-20  |f 1  |i snkII. 2029/55  |l 0  |o snkČSA 339/3/1954  |p 17A0764437  |r 2026-02-21 20:11:30  |t č. 1-22  |w 2026-02-21  |y NEVYP 
952 |0 0  |1 0  |4 0  |7 1  |a SNK  |b SNK  |d 2023-01-20  |f 1  |i snkČSP 335/56  |l 0  |o snkČSA 339/4/1955  |p 17A0764432  |r 2026-02-21 20:11:30  |t č. 1-20  |w 2026-02-21  |y NEVYP 
952 |0 0  |1 0  |4 0  |7 1  |a SNK  |b SNK  |d 2023-01-20  |f 1  |i snkČSP 193/57  |l 0  |o snkČSA 339/5/1956  |p 17A0764429  |r 2026-02-21 20:11:30  |t č. 1-19  |w 2026-02-21  |y NEVYP  |z Chybné číslovanie 
952 |0 0  |1 0  |4 0  |7 1  |a SNK  |b SNK  |d 2023-01-20  |f 1  |i snkČSP 219/58  |l 0  |o snkČSA 339/6/1957  |p 17A0764532  |r 2026-02-21 20:11:30  |t č. 1-16  |w 2026-02-21  |y NEVYP 
952 |0 0  |1 0  |4 0  |7 1  |a SNK  |b SNK  |d 2023-01-20  |f 1  |i snkČSP 234/60  |l 0  |o snkČSA 339/7/1958  |p 17A0764444  |r 2026-02-21 20:11:30  |t č. 1-6, neúplné  |w 2026-02-21  |y NEVYP  |z Chýba č. 6 
952 |0 0  |1 0  |4 0  |7 0  |a SNK  |b SNK  |d 2023-01-23  |i snkII. 1097/55  |l 0  |o snkČSA 339/3/1954 D1  |p 17A1465341  |r 2026-02-21 20:12:25  |t č. 1-22  |w 2026-02-21  |y PREZ 
952 |0 0  |1 0  |4 0  |7 0  |a SNK  |b SNK  |d 2023-01-23  |i snkČSP 336/56  |l 0  |o snkČSA 339/4/1955 D1  |p 17A1465342  |r 2026-02-21 20:12:28  |t č. 1-20  |w 2026-02-21  |y PREZ 
952 |0 0  |1 0  |4 0  |7 0  |a SNK  |b SNK  |d 2023-01-23  |i snkČSP 220/58  |l 0  |o snkČSA 339/6/1957 D1  |p 17A1465343  |r 2026-02-21 20:12:28  |t č. 1-16  |w 2026-02-21  |y PREZ 
952 |0 0  |1 0  |3 chýba č. 6;  |4 0  |7 0  |a SNK  |b SNK  |d 2012-10-08  |i snkČSP 235/60  |l 0  |o snkČSA 339/7/1958 D1  |p 17A1052467  |r 2026-02-21 20:40:59  |t č. 1-6, neúplné  |w 2026-02-21  |y PREZ  |z Chýba č. 6